| 000 | 00733nam a22002057a 4500 | ||
|---|---|---|---|
| 999 |
_c17889 _d17889 |
||
| 003 | AR-CdUCM | ||
| 008 | 190510b ||||| |||| 00| 0 spa d | ||
| 040 |
_aMUNICIPALIDAD PROVINCIAL DEL CUSCO _cBIBLIOTECA MUNICIPAL DEL CUSCO |
||
| 082 |
_a801.08 / _bR81 |
||
| 100 |
_aA. G. M. _938104 |
||
| 245 |
_aEl romancero : _bSelección de romances clásicos para estudiantes y estudiosos / |
||
| 260 |
_aBuenos Aires : _bTor, _c1957. |
||
| 300 |
_a171 páginas ; _c20 cm. |
||
| 505 | _aContenido : Romances históricos -- Romances novelescos -- Romances carolingios -- Romances líricos... | ||
| 650 |
_aRomances líricos _938105 |
||
| 650 |
_aRomances históricos _938106 |
||
| 650 |
_aNovela _95 |
||
| 942 |
_2ddc _cLIBROS |
||
| 945 | _arcc | ||